[Event "118th SUI-ch 2018"]
[Site "Lenzerheide"]
[Date "2018.07.12"]
[Round "1"]
[White "Bogner, Sebastian"]
[Black "Jenni, Florian"]
[Result "1-0"]
[WhiteElo "2605"]
[BlackElo "2447"]
[Annotator "TA"]
[PlyCount "101"]
[EventDate "2018.07.12"]
[EventType "tourn"]
[EventCountry "SUI"]
[SourceTitle "playchess.com"]
[Source "ChessBase"]
[SourceQuality "1"]

{[%evp 19,101,55,54,20,22,18,18,16,11,14,16,8,21,14,10,6,6,6,34,0,0,-16,0,0,14,8,0,8,15,0,113,95,103,83,127,97,93,81,132,102,100,103,96,99,134,115,119,122,261,265,255,248,243,167,126,110,171,171,319,319,309,312,312,306,287,277,368,368,418,404,500,495,477,472,597,621,566,536,671,643,706,700,1026,1099]} 1. d4 Nf6 2. c4 c5 3. d5 g6 4. Nc3 Bg7 5. e4 d6 6. Nf3 O-O 7. Be2 Bg4 8. O-O e6 9. dxe6 {E91: King's Indian: Classical: 6 Be2, unusual replies including 6...c5 and 6...Bg4} (9. h3 Bxf3 10. Bxf3 exd5 11. exd5 Nbd7 12. Bg5 h6 13. Bd2 Ne8 14. Be2 a6 15. a4 f5 16. f4 Qh4 17. Kh2 Qf6 18. Bd3 Qf7 19. Qc2 {1-0 (63) Sakaev,K (2634)-Amonatov,F (2637) Moscow 2007}) 9... fxe6 10. Ng5 Bxe2 {LiveBook: 6 Games} 11. Qxe2 {White is slightly better.} (11. Nxe2 $5 {[%cal Rg5e6]} Qd7 12. e5 dxe5 13. Qxd7 Nbxd7 14. Nxe6 $14) 11... Qe7 $1 12. e5 dxe5 13. Qxe5 Re8 $1 14. Be3 b6 $1 15. Rad1 Nc6 16. Qg3 $146 ({Predecessor:} 16. Qd6 Rac8 17. Qxe7 Rxe7 {½-½ (24) Slutzky,L-Krogius,N Perm 1971}) 16... Nd4 17. Bxd4 cxd4 18. Nce4 Nh5 19. Qg4 e5 20. g3 h6 (20... Nf6 {seems wilder.} 21. Qe2 Rad8 22. Nxf6+ Qxf6 23. h4 Qf5) 21. Nf3 Qe6 (21... Kh7 {looks sharper.} 22. Ne1 Nf6 23. Nxf6+ Qxf6 24. Qe4 Qf7) 22. Qxe6+ Rxe6 23. Rfe1 Rc8 24. Rc1 Rec6 (24... g5 $11) 25. b3 {[%cal Bb2b3,Bb3b4,Bb4b5][%mdl 32]} Kf7 26. b4 Re8 27. b5 Rce6 28. c5 {Nd6+ is the strong threat.} bxc5 (28... Bf8 $142) 29. Nxc5 R6e7 30. Ne4 $36 {[%mdl 2048] Hoping for Nd6+. Keeping Black busy.} Rd8 31. Rc6 Nf6 32. Nd6+ Kg8 {[#]} 33. Nxd4 $1 {[%mdl 512]} Red7 (33... Nd5 $16 34. Nc2 Re6) (33... exd4 34. Rxe7) 34. Ne6 $18 Rxd6 35. Nxd8 Rxd8 36. Rxe5 {Threatens to win with Re7.} Rd7 37. Rec5 {Black must now prevent Rc7.} Ne4 (37... Bf8 $16 {might work better.}) 38. Rc8+ Kf7 (38... Bf8 $142 39. Rc1 Nd6) 39. R5c7 Ke7 40. Rxd7+ Kxd7 41. Rg8 Bd4 42. Rxg6 Nxf2 43. Kg2 Nd1 44. Rxh6 Nc3 {[#]} 45. a4 $1 {White is clearly winning.} Bb6 (45... Nxa4 46. Rh4) 46. Rh4 Kd6 47. Rc4 Nd1 {Strongly threatening ...Ne3+.} 48. Rf4 Ke5 49. h4 Be3 50. Rf7 Nc3 51. Re7+ {Precision: White = 73%, Black = 39%.} 1-0

[Event "118th SUI-ch 2018"]
[Site "Lenzerheide"]
[Date "2018.07.12"]
[Round "1"]
[White "Pelletier, Yannick"]
[Black "Kurmann, Oliver"]
[Result "1-0"]
[WhiteElo "2551"]
[BlackElo "2451"]
[Annotator "RC"]
[PlyCount "61"]
[EventDate "2018.07.12"]
[EventType "tourn"]
[EventCountry "SUI"]
[SourceTitle "playchess.com"]
[Source "ChessBase"]
[SourceQuality "1"]
[TimeControl "40/5400+30:1800+30"]

1. Nf3 {[%emt 0:00:00]} Nf6 {[%emt 0:00:00]} 2. c4 {[%emt 0:00:00]} b6 {[%emt 0:00:00]} 3. Nc3 {[%emt 0:00:01]} Bb7 {[%emt 0:00:00]} 4. d4 {[%emt 0:00:15]} e6 {[%emt 0:00:06]} 5. a3 {[%emt 0:00:29]} d5 {[%emt 0:00:10]} 6. Bg5 {[%emt 0:00:19]} Be7 {[%emt 0:00:16]} 7. Qa4+ {[%emt 0:00:39]} Bc6 {[%emt 0:00:38]} 8. Qc2 {[%emt 0:00:43]} dxc4 {[%emt 0:00:38]} 9. e3 {[%emt 0:00:21]} b5 {[%emt 0:01:49]} 10. a4 {[%emt 0:00:27]} a6 {[%emt 0:11:47]} 11. axb5 {[%emt 0:00:16]} axb5 {[%emt 0:00:07]} 12. Rxa8 {[%emt 0:00:04]} Bxa8 {[%emt 0:00:07]} 13. Nxb5 {[%emt 0:00:09]} c5 {[%emt 0:04:40]} 14. dxc5 {[%emt 0:02:01]} Qa5+ {[%emt 0:01:35]} 15. Nc3 {[%emt 0:00:15]} Bxf3 {[%emt 0:13:46]} 16. gxf3 {[%emt 0:00:44]} Qxc5 {[%emt 0:00:06]} 17. Qa4+ {[%emt 0:08:24]} Nbd7 {[%emt 0:01:26]} 18. Bxf6 {[%emt 0:11:56]} Bxf6 {[%emt 0:03:08]} 19. Ne4 {[%emt 0:06:15]} Qb6 {[%emt 0:05:54]} 20. Bxc4 {[%emt 0:15:15]} Qc7 {[%emt 0:47:54]} 21. Bb5 {[%emt 0:13:37]} Qc1+ {[%emt 0:03:55]} 22. Ke2 {[%emt 0:04:03]} Qxh1 {[%emt 0:00:02]} 23. Bxd7+ {[%emt 0:00:09]} Kd8 {[%emt 0:00:04]} 24. Bc6 {[%emt 0:06:58]} Kc7 {[%emt 0:01:04]} 25. Qa6 {[%emt 0:00:14]} Rb8 {[%emt 0:01:24]} 26. Qa7+ {[%emt 0:00:07]} Kxc6 {[%emt 0:00:02]} 27. Qxb8 {[%emt 0:00:07]} Qb1 {[%emt 0:00:59]} 28. b4 {[%emt 0:13:16]} h5 {[%emt 0:01:40]} 29. Qd6+ {[%emt 0:02:10]} Kb5 {[%emt 0:00:08]} 30. Qc5+ {[%emt 0:01:26]} Ka6 {[%emt 0:00:10]} 31. Nd6 {[%emt 0:01:59]} 1-0

[Event "118th SUI-ch 2018"]
[Site "Lenzerheide"]
[Date "2018.07.12"]
[Round "1"]
[White "Studer, Noel"]
[Black "Ekstroem, Roland"]
[Result "1-0"]
[WhiteElo "2484"]
[BlackElo "2381"]
[Annotator "TA"]
[PlyCount "51"]
[EventDate "2018.07.12"]
[EventType "tourn"]
[EventCountry "SUI"]
[SourceTitle "playchess.com"]
[Source "ChessBase"]
[SourceQuality "1"]

{[%evp 12,51,0,-6,10,0,0,8,18,12,11,8,31,6,14,20,12,14,36,35,28,33,56,52,64,25,72,73,71,78,149,147,177,185,180,186,170,193,488,485,512,505]} 1. d4 Nf6 2. c4 e6 3. Nf3 d5 4. g3 Be7 5. Bg2 O-O 6. Qb3 {E06: Closed Catalan: Early deviations} c5 7. cxd5 {LiveBook: 4 Games} Qxd5 8. Nc3 {The position is equal.} Qxb3 9. axb3 Nc6 10. dxc5 Bxc5 11. O-O Bd7 $146 ({Predecessor:} 11... e5 12. Bg5 Be6 13. Nd2 Rfd8 {½-½ (35) Caruana,F (2816)-Nakamura,H (2769) Leuven 2018}) 12. Rd1 Rfd8 13. Ne1 {[%cal Bf3e1,Be1d3,Bd3c5][%mdl 32]} Be8 14. Nd3 Be7 15. Bf4 h6 16. b4 $36 {[%mdl 2048] And now b5 would win. White has the initiative.} Nd5 17. Nxd5 exd5 18. Nc5 Nxb4 19. Nxb7 Rd7 20. Na5 Bf6 {[#]} ({Black should try} 20... Rdd8) 21. Bh3 $1 $16 Re7 22. Bd6 Re4 23. Bg2 {[%cal Bh3g2,Bg2e4,Be4d5][%mdl 32]} Nc2 24. Bxe4 ({But not} 24. Rxd5 $6 Rxe2 25. Rad1 Rd8 $14) 24... Nxa1 $2 {[#]} (24... dxe4 25. Rac1 Nd4) 25. Bxd5 $18 Rd8 26. Nb7 {Precision: White = 77%, Black = 36%.} 1-0

[Event "118th SUI-ch 2018"]
[Site "Lenzerheide"]
[Date "2018.07.12"]
[Round "1"]
[White "Gallagher, Joseph G"]
[Black "Baenziger, Fabian"]
[Result "1/2-1/2"]
[WhiteElo "2434"]
[BlackElo "2382"]
[Annotator "NA RC"]
[PlyCount "62"]
[EventDate "2018.07.12"]
[EventType "tourn"]
[EventCountry "SUI"]
[SourceTitle "playchess.com"]
[Source "ChessBase"]
[SourceQuality "1"]
[TimeControl "40/5400+30:1800+30"]

1. e4 {[%emt 0:00:00]} c5 {[%emt 0:00:00]} 2. Nc3 {[%emt 0:00:00]} Nc6 {[%emt 0:00:00]} 3. Bb5 {[%emt 0:00:22]} Nd4 {[%emt 0:00:55]} 4. Bc4 {[%emt 0:00:14]} e6 {[%emt 0:04:25]} 5. Nge2 {[%emt 0:02:26]} a6 {[%emt 0:02:50]} 6. d3 {[%emt 0:07:19]} b5 {[%emt 0:00:33]} 7. Bb3 {[%emt 0:00:06]} Nxb3 {[%emt 0:03:43]} 8. axb3 {[%emt 0:00:06]} Bb7 {[%emt 0:00:51]} 9. Ng3 {[%emt 0:01:35]} Nf6 {[%emt 0:09:10]} 10. e5 {[%emt 0:09:25]} Nd5 {[%emt 0:04:32]} 11. Nxd5 {[%emt 0:30:29]} Bxd5 {[%emt 0:02:12]} 12. O-O {[%emt 0:00:10]} f5 {[%emt 0:11:34]} 13. exf6 {[%emt 0:16:59]} Qxf6 {[%emt 0:00:38]} 14. Nh5 {[%emt 0:03:04]} Qf7 {[%emt 0:05:39]} 15. Be3 {[%emt 0:06:11]} Bd6 {[%emt 0:02:22]} 16. c4 {[%emt 0:01:36]} Bc6 {[%emt 0:00:23]} 17. d4 {[%emt 0:01:33]} cxd4 {[%emt 0:03:47]} 18. Bxd4 {[%emt 0:03:27]} Qg6 $15 {[%emt 0:01:18]} 19. Ng3 {[%emt 0:05:13]} O-O {[%emt 0:00:50]} 20. Re1 {[%emt 0:03:31]} Rf5 {[%emt 0:08:37]} 21. Bb6 {[%emt 0:02:28]} Bxg3 {[%emt 0:04:16]} 22. fxg3 {[%emt 0:01:39]} h5 {[%emt 0:00:15]} 23. Qd2 {[%emt 0:00:46]} Raf8 {[%emt 0:01:50]} 24. Rf1 {[%emt 0:02:48]} Rxf1+ {[%emt 0:01:12]} 25. Rxf1 {[%emt 0:00:01]} Rxf1+ {[%emt 0:00:07]} 26. Kxf1 {[%emt 0:00:05]} Qb1+ {[%emt 0:00:04]} 27. Kf2 {[%emt 0:00:34]} Qe4 {[%emt 0:00:15]} 28. Qe2 {[%emt 0:00:41]} Qxg2+ {[%emt 0:01:04]} 29. Ke1 {[%emt 0:00:04]} Qh1+ {[%emt 0:01:25]} 30. Kd2 {[%emt 0:00:11]} Qb1 {[%emt 0:00:22]} 31. Qe5 {[%emt 0:01:11]} Be4 {[%emt 0:06:59]} 1/2-1/2

[Event "118th SUI-ch 2018"]
[Site "Lenzerheide"]
[Date "2018.07.12"]
[Round "1"]
[White "Gaehwiler, Gabriel"]
[Black "Georgiadis, Nico"]
[Result "1/2-1/2"]
[WhiteElo "2419"]
[BlackElo "2526"]
[Annotator "RC"]
[PlyCount "91"]
[EventDate "2018.07.12"]
[EventType "tourn"]
[EventCountry "SUI"]
[SourceTitle "playchess.com"]
[Source "ChessBase"]
[SourceQuality "1"]
[TimeControl "40/5400+30:1800+30"]

1. d4 {[%emt 0:00:00]} Nf6 {[%emt 0:00:09]} 2. c4 {[%emt 0:00:58]} e6 {[%emt 0:00:08]} 3. Nf3 {[%emt 0:00:09]} d5 {[%emt 0:00:07]} 4. g3 {[%emt 0:00:10]} Bb4+ {[%emt 0:00:40]} 5. Bd2 {[%emt 0:00:11]} Be7 {[%emt 0:00:19]} 6. Bg2 {[%emt 0:00:10]} O-O {[%emt 0:00:05]} 7. O-O {[%emt 0:00:08]} c6 {[%emt 0:00:08]} 8. Qc2 {[%emt 0:00:07]} Nbd7 {[%emt 0:00:23]} 9. Bf4 {[%emt 0:03:47]} a5 {[%emt 0:01:09]} 10. cxd5 {[%emt 0:20:37]} exd5 {[%emt 0:03:50]} 11. Nc3 {[%emt 0:01:09]} Nh5 {[%emt 0:10:48]} 12. Bd2 {[%emt 0:03:01]} Re8 {[%emt 0:06:19]} 13. Rfe1 {[%emt 0:12:55]} Nhf6 {[%emt 0:06:21]} 14. Bf4 {[%emt 0:01:05]} Nf8 {[%emt 0:02:54]} 15. Rad1 {[%emt 0:06:09]} Ng6 {[%emt 0:13:06]} 16. Be5 {[%emt 0:12:24]} Ng4 {[%emt 0:15:21]} 17. h3 {[%emt 0:06:09]} N4xe5 {[%emt 0:01:05]} 18. dxe5 {[%emt 0:01:06]} Qb6 {[%emt 0:09:55]} 19. e4 {[%emt 0:05:26]} dxe4 {[%emt 0:00:28]} 20. Nxe4 {[%emt 0:01:02]} Be6 {[%emt 0:01:40]} 21. b3 {[%emt 0:03:43]} Bb4 {[%emt 0:02:34]} 22. Re2 {[%emt 0:07:59]} Bd5 {[%emt 0:00:39]} 23. Neg5 {[%emt 0:01:49]} Nf8 {[%emt 0:09:36]} 24. Nd4 {[%emt 0:02:04]} Rad8 {[%emt 0:03:34]} 25. Bxd5 {[%emt 0:05:20]} Rxd5 {[%emt 0:00:07]} 26. Ndf3 {[%emt 0:01:10]} h6 {[%emt 0:04:27]} 27. Ne4 {[%emt 0:01:28]} Red8 {[%emt 0:01:19]} 28. Nd6 {[%emt 0:02:08]} Bxd6 {[%emt 0:01:52]} 29. exd6 {[%emt 0:00:05]} R5xd6 {[%emt 0:01:42]} 30. Rxd6 {[%emt 0:00:18]} Rxd6 {[%emt 0:00:03]} 31. Re8 {[%emt 0:00:53]} Re6 {[%emt 0:02:10]} 32. Ra8 {[%emt 0:00:39]} Qb4 {[%emt 0:00:40]} 33. Qd2 {[%emt 0:01:30]} Qxd2 {[%emt 0:00:51]} 34. Nxd2 {[%emt 0:00:10]} Re2 {[%emt 0:00:59]} 35. Nc4 {[%emt 0:00:22]} Rxa2 {[%emt 0:01:05]} 36. Rxa5 {[%emt 0:00:48]} Rc2 {[%emt 0:00:24]} 37. Ra7 {[%emt 0:00:42]} b5 {[%emt 0:00:33]} 38. Nd6 {[%emt 0:00:36]} Ne6 {[%emt 0:00:35]} 39. Nxf7 {[%emt 0:00:19]} Nd4 {[%emt 0:00:27]} 40. b4 {[%emt 0:00:39]} Rc4 {[%emt 0:00:37]} 41. Ne5 {[%emt 0:16:36]} Rxb4 {[%emt 0:01:47]} 42. h4 {[%emt 0:02:45]} h5 {[%emt 0:05:00]} 43. Kg2 {[%emt 0:01:51]} Rb3 {[%emt 0:06:22]} 44. Rd7 {[%emt 0:02:07]} c5 {[%emt 0:05:14]} 45. Rd8+ {[%emt 0:00:59]} Kh7 {[%emt 0:00:05]} 46. Nd7 {[%emt 0:00:08]} 1/2-1/2

[Event "118th SUI-ch 2018"]
[Site "Lenzerheide"]
[Date "2018.07.13"]
[Round "2"]
[White "Georgiadis, Nico"]
[Black "Studer, Noel"]
[Result "1-0"]
[WhiteElo "2526"]
[BlackElo "2484"]
[Annotator "TA"]
[PlyCount "139"]
[EventDate "2018.07.12"]
[EventType "tourn"]
[EventCountry "SUI"]
[SourceTitle "playchess.com"]
[Source "ChessBase"]
[SourceQuality "1"]

{[%evp 21,139,13,20,20,15,18,20,0,31,31,110,117,110,110,110,114,115,112,139,138,135,129,135,131,135,127,137,129,139,120,126,126,148,144,135,140,149,143,164,129,133,134,169,174,215,166,154,157,169,159,203,188,220,222,232,222,237,216,230,211,250,256,244,243,295,254,286,279,331,318,562,560,600,614,614,614,614,614,614,614,614,614,614,614,614,614,607,607,600,600,600,581,533,469,525,468,856,780,12839,12839,12841,12840,12845,12845,12845,12846,12846,12846,12847,12847,12851,29976,12851,29977,12851,29977,12851,29983,12851,29987]} 1. e4 e6 2. d4 d5 3. Nc3 Nf6 4. Bg5 dxe4 5. Nxe4 Nbd7 6. Nxf6+ Nxf6 7. Nf3 {[%cal Bg1f3,Bf3d4,Bd4f5][%mdl 32]} h6 8. Bh4 c5 9. c3 {C10: French with 3 Nc3: Unusual Black 3rd moves and 3...dxe4} (9. Bc4 cxd4 10. O-O Be7 11. Qe2 O-O 12. Rad1 Qb6 13. Ne5 Nd5 14. Bxe7 Nxe7 15. Rd3 Nf5 16. g4 Nh4 17. Qe4 f6 18. Rh3 fxe5 19. Rxh4 {0-1 (52) Adhiban,B (2671)-Baklan,V (2619) Monzon 2016}) 9... cxd4 10. Nxd4 Bc5 11. Bb5+ Bd7 {LiveBook: 6 Games} 12. Qe2 {Strongly threatening Bxf6.} a6 13. Bxd7+ Qxd7 14. O-O-O $146 ({Predecessor:} 14. Bxf6 gxf6 15. O-O-O Qe7 16. Nb3 Bb6 {½-½ (43) Liushnin,K (2313)-Laurenc,P (2429) ICCF email 2015}) 14... O-O-O {[#]} 15. Nf5 $1 {[%mdl 512]} Qc6 (15... Qa4 $1 $14 16. Qe5 Nd7 17. Rxd7 Rxd7 18. Qxc5+ Kb8 19. Qe5+ Ka7) (15... exf5 16. Rxd7) 16. Nxg7 $16 Rxd1+ 17. Rxd1 ({Of course not} 17. Qxd1 $6 Nd7 $11) 17... Qe4 18. Qxe4 Nxe4 19. f3 Nd6 20. Bf6 {aiming for Kb1.} Rg8 21. g4 Nc4 22. Nh5 Ne3 23. Rd3 Nd5 24. h3 b5 25. Kc2 Kb7 26. Be5 Be7 27. Nf4 Nb6 28. Bd4 Nd7 29. Nh5 Kc6 30. Rd1 Rc8 31. f4 Rg8 32. Bg7 Bf8 33. Nf6 Nxf6 34. Bxf6 $18 {[%mdl 4096] Endgame KRB-KRB} Bd6 {[#]} 35. Rf1 $1 Kd5 36. Kd3 h5 {[#]} 37. g5 $1 ({And not} 37. gxh5 Rg3+ 38. Kc2 Rxh3 $11) 37... Rc8 38. b3 Bb8 39. Bd4 Bd6 40. Ke3 Re8 41. Rd1 Kc6 42. Ke4 Be7 43. h4 Rd8 44. Rf1 Bd6 45. Be5 Bc5 $2 (45... Bxe5 46. fxe5 Rd7) 46. f5 Rd2 47. fxe6 fxe6 48. g6 Re2+ 49. Kf3 Rxe5 {KRB-KR} 50. g7 Re3+ 51. Kg2 Re2+ 52. Kh1 Re4 53. g8=Q {Qa8+ would kill now.} Rxh4+ 54. Kg2 Rg4+ 55. Qxg4 $1 hxg4 {KR-KB} 56. Kg3 Kd5 57. Re1 a5 58. Kxg4 a4 (58... Bd6 $142 59. c4+ bxc4 60. bxc4+ Kxc4 61. Rxe6 Bc5) 59. Kf3 axb3 60. axb3 b4 61. c4+ {[%cal Bc3c4,Bc4c5,Bc5c6][%mdl 32]} Kd4 62. Rxe6 Kc3 63. Re5 Bd4 64. Rd5 Ba7 65. c5 Kxb3 66. c6 Bb8 67. Rb5 (67. Ke2 $18 Kc4 68. Rd7) 67... Bd6 68. Ke2 (68. Rb7 $18 Bh2 69. Ke2) 68... Ka3 69. Kd2 (69. Rb7 $18 b3 70. Kd3) 69... b3 70. Kc3 {Precision: White = 85%, Black = 40%.} 1-0

[Event "118th SUI-ch 2018"]
[Site "Lenzerheide"]
[Date "2018.07.13"]
[Round "2"]
[White "Jenni, Florian"]
[Black "Pelletier, Yannick"]
[Result "0-1"]
[WhiteElo "2447"]
[BlackElo "2551"]
[Annotator "TA"]
[PlyCount "72"]
[EventDate "2018.07.12"]
[EventType "tourn"]
[EventCountry "SUI"]
[SourceTitle "playchess.com"]
[Source "ChessBase"]
[SourceQuality "1"]

{[%evp 9,72,6,7,1,-8,-36,-32,-42,-27,-79,-80,-58,-57,-61,-8,-101,-94,-103,-94,-89,-96,-93,-93,-115,-91,-127,-110,-186,-104,-203,-246,-382,-376,-437,-247,-571,-350,-325,-325,-344,-337,-346,-339,-346,-346,-331,-350,-345,-336,-323,-314,-353,-351,-336,-342,-460,-467,-470,-452,-464,-454,-504,-397,-392,-386]} 1. e4 c6 2. d4 d5 3. e5 Bf5 4. h4 h5 5. Be2 e6 {LiveBook: 6 Games} 6. c3 {B12: Caro-Kann: Advance Variation} c5 7. Be3 (7. Bxh5 Nc6 $17) 7... Qb6 $146 ({Predecessor:} 7... Nc6 8. Nd2 cxd4 9. Bxd4 Be7 10. Qb3 Qd7 11. Nh3 f6 12. Nf3 Be4 13. Nf4 {½-½ (66) Capellades Subirana,M (2211)-Pozanco Romasanta,M (2088) Barbera del Valles 2014}) 8. Qb3 {Black is slightly better.} Nc6 9. dxc5 (9. Nf3 $1 $11 {was the only way to keep the balance.}) 9... Bxc5 $17 10. Bxc5 Qxc5 11. Nf3 Nh6 (11... Nge7 $15) 12. Qb5 (12. Qxb7 $11 {keeps the balance.} Rb8 13. Qc7) 12... Qe7 $36 {[%mdl 2048] White is under strong pressure.} 13. Nd4 O-O 14. Nxf5 Nxf5 15. Bxh5 Nxe5 16. Nd2 Rac8 17. Be2 Nxh4 18. O-O-O (18. g3 $17 {was necessary.} Nf5 19. Qa4) 18... Qf6 (18... Nxg2 $19 {Strongly threatening ...Nf4.} 19. Nf3 Nxf3 20. Bxf3 Qg5+ 21. Kb1 Qf5+ 22. Qd3 Qxd3+ 23. Rxd3 Nf4) 19. f4 (19. g3 $17 {was called for.} Nf5 20. Qa4) 19... Qxf4 $19 {And now ...Nf5 would win.} 20. Rdf1 (20. Rh3 {might work better.}) 20... Qg5 21. Qb4 Nhg6 (21... Nf5 $142 22. Rxf5 exf5) 22. Rh5 $2 (22. Qd4) 22... Qxh5 23. Qxf8+ Kxf8 (23... Nxf8 24. Bxh5 Nfd7 25. Kc2 $19) 24. Bxh5 {[#]} Nf4 $1 {[%mdl 512]} 25. Bxf7 (25. Rxf4 Nd3+) 25... Ke7 (25... Kxf7 26. Rxf4+ Ke7 27. Kc2 $17) ({Don't do} 25... Ned3+ 26. Kc2 $19) 26. Kb1 g5 ({Not} 26... Kxf7 27. Rxf4+ Ke7 28. Nf3 $17) 27. g3 Ne2 (27... Nxf7 $2 28. gxf4 g4 29. Kc2 $19) 28. Re1 {[#]} Nxc3+ $1 {[%mdl 512]} 29. bxc3 Nxf7 {[%mdl 4096] Endgame KRN-KRN} 30. Kb2 Nd6 31. Rh1 Rf8 32. Rh5 Rf2 33. Kc1 Rg2 34. Rh7+ Nf7 35. Nf3 Rxg3 36. Ne5 Rg1+ {Precision: White = 30%, Black = 72%.} 0-1

[Event "118th SUI-ch 2018"]
[Site "Lenzerheide"]
[Date "2018.07.13"]
[Round "2"]
[White "Gallagher, Joseph G"]
[Black "Gaehwiler, Gabriel"]
[Result "1/2-1/2"]
[WhiteElo "2434"]
[BlackElo "2419"]
[Annotator "NA"]
[PlyCount "93"]
[EventDate "2018.07.12"]
[EventType "tourn"]
[EventCountry "SUI"]
[SourceTitle "playchess.com"]
[Source "ChessBase"]
[SourceQuality "1"]
[TimeControl "40/5400+30:1800+30"]

1. e4 {[%emt 0:00:00]} e5 {[%emt 0:00:00]} 2. Nf3 {[%emt 0:00:00]} Nf6 {[%emt 0:00:00]} 3. Nxe5 {[%emt 0:00:49]} d6 {[%emt 0:00:00]} 4. Nf3 {[%emt 0:00:04]} Nxe4 {[%emt 0:00:05]} 5. d4 {[%emt 0:00:09]} d5 {[%emt 0:01:34]} 6. Bd3 {[%emt 0:00:43]} Nc6 {[%emt 0:06:03]} 7. O-O {[%emt 0:00:29]} Be7 {[%emt 0:00:08]} 8. c4 {[%emt 0:01:28]} Nb4 {[%emt 0:00:23]} 9. Be2 {[%emt 0:00:07]} dxc4 {[%emt 0:02:29]} 10. Bxc4 {[%emt 0:03:58]} O-O {[%emt 0:07:39]} 11. a3 {[%emt 0:19:34] C42: Petroff Defence: 3 Nxe5 and unusual White 3rd moves} Nd5 {[%emt 0:05:59] LiveBook: 6 Games} 12. Re1 {[%emt 0:00:15]} Nef6 {[%emt 0:12:42]} 13. Nc3 {[%emt 0:05:53]} c6 {[%emt 0:02:11]} 14. Qd3 {[%emt 0:02:43]} g6 $146 {[%emt 0:16:32]} ({Predecessor:} 14... a6 15. Ne5 Be6 16. Ba2 Nxc3 17. bxc3 Bxa2 18. Rxa2 Nd7 19. Nf3 Bf6 20. Rae2 b5 21. g4 h6 {1-0 (46) Cubas,J (2451)-Gonzalez,B (2257) Sao Paulo 2005}) 15. Bh6 {[%emt 0:07:22]} Bf5 {[%emt 0:01:09]} 16. Qd2 {[%emt 0:01:42]} Re8 {[%emt 0:00:18]} 17. Ne5 {[%emt 0:02:13]} Qd6 {[%emt 0:14:58]} 18. h3 {[%emt 0:04:57]} Be6 $14 {[%emt 0:08:02]} 19. Ba2 {[%emt 0:04:51]} Rad8 {[%emt 0:01:20]} 20. Rad1 {[%emt 0:02:37]} c5 {[%emt 0:08:27]} 21. Nxd5 {[%emt 0:07:22]} Bxd5 {[%emt 0:01:05]} 22. dxc5 {[%emt 0:00:38]} Qxc5 {[%emt 0:01:03]} 23. b4 {[%emt 0:00:28]} Qc8 {[%emt 0:03:40]} 24. Qb2 {[%emt 0:07:37]} Bxa2 {[%emt 0:01:20]} 25. Qxa2 {[%emt 0:00:22]} Qe6 {[%emt 0:00:11]} 26. Qxe6 {[%emt 0:02:31]} fxe6 {[%emt 0:00:02]} 27. Rxd8 {[%emt 0:03:08]} Rxd8 {[%emt 0:00:25]} 28. Nf3 {[%emt 0:02:13]} Rd6 {[%emt 0:03:53]} 29. Ng5 {[%emt 0:01:48]} e5 {[%emt 0:00:58]} 30. g3 {[%emt 0:00:19]} Nd7 {[%emt 0:00:34]} 31. Kg2 {[%emt 0:07:02]} Bxg5 {[%emt 0:01:18]} 32. Bxg5 {[%emt 0:00:03]} Kf7 {[%emt 0:00:31]} 33. Rc1 {[%emt 0:04:21]} Rc6 {[%emt 0:00:31]} 34. Rxc6 {[%emt 0:05:38]} bxc6 {[%emt 0:00:04]} 35. Kf3 {[%emt 0:00:17]} Ke6 {[%emt 0:00:44]} 36. Ke4 {[%emt 0:00:10]} Nb6 {[%emt 0:00:33]} 37. Be3 {[%emt 0:01:16]} Nc4 {[%emt 0:00:14]} 38. Bxa7 {[%emt 0:00:21]} Nxa3 {[%emt 0:00:17]} 39. Bc5 {[%emt 0:01:13]} Nb5 {[%emt 0:00:36]} 40. Bf8 {[%emt 0:00:28]} Kf7 {[%emt 0:01:13]} 41. Bc5 {[%emt 0:31:46]} Ke6 {[%emt 0:30:08]} 42. f4 {[%emt 0:00:00]} Nc3+ {[%emt 0:00:00]} 43. Kd3 {[%emt 0:00:00]} Na4 {[%emt 0:00:00]} 44. Kc4 {[%emt 0:00:00]} Nb2+ {[%emt 0:00:00]} 45. Kc3 {[%emt 0:00:00]} Na4+ {[%emt 0:00:00]} 46. Kc4 {[%emt 0:00:00]} Nb2+ {[%emt 0:00:00]} 47. Kc3 {[%emt 0:00:00]} 1/2-1/2

[Event "118th SUI-ch 2018"]
[Site "Lenzerheide"]
[Date "2018.07.13"]
[Round "2"]
[White "Baenziger, Fabian"]
[Black "Kurmann, Oliver"]
[Result "0-1"]
[WhiteElo "2382"]
[BlackElo "2451"]
[Annotator "TA"]
[PlyCount "76"]
[EventDate "2018.07.12"]
[EventType "tourn"]
[EventCountry "SUI"]
[SourceTitle "playchess.com"]
[Source "ChessBase"]
[SourceQuality "1"]

{[%evp 21,76,0,7,12,9,0,16,0,0,0,0,-16,-14,-31,0,0,0,0,0,0,0,0,5,5,5,0,0,-42,-46,-85,-85,-85,-85,-89,-89,-101,-101,-107,-100,-110,-31,-60,-13,-20,-20,-101,-101,-564,-564,-557,-556,-527,-491,-569,-555,-546,-527]} 1. e4 e5 2. Nf3 Nc6 3. Nc3 Nf6 4. Bb5 Nd4 5. Bc4 Bc5 6. d3 d6 7. Na4 {C48: Four Knights: 4 Bb5, replies other than 4...Bb4} b5 8. Nxd4 bxc4 9. Nf5 Bxf5 10. exf5 cxd3 11. Nxc5 dxc5 {LiveBook: 3 Games} 12. cxd3 O-O (12... Qd7 13. Qf3 O-O 14. O-O Rfd8 {½-½ (28) Wei,Y (2743)-Caruana,F (2811) Wijk aan Zee 2018}) 13. O-O Qd7 {[#]} 14. Qc2 $146 ({Predecessor:} 14. Qf3 Rfd8 {½-½ (24) Maze,S (2627)-Fressinet,L (2677) Agen 2016}) 14... Qxf5 15. Qxc5 Rfd8 16. f4 Nd5 ({Wrong is} 16... Rxd3 $2 17. fxe5 Qh5 18. Qc6 $18 (18. Qxc7 Ng4 $11)) 17. Qc4 Rd7 (17... Rab8 {feels hotter.} 18. Qe4 Qxe4 19. dxe4 Nxf4 20. Bxf4 exf4 21. b3 g5) 18. Qe4 Qxe4 19. dxe4 Nxf4 20. Bxf4 exf4 21. Rxf4 $11 {[%mdl 4096] Endgame KRR-KRR} Rad8 22. Rc1 f6 23. Rf3 Rd1+ 24. Rf1 R1d2 25. Rf2 Rxf2 26. Kxf2 $17 {KR-KR} Rd2+ 27. Kf3 Rxb2 28. Rxc7 Rxa2 29. g4 h5 30. gxh5 Kh7 (30... Rxh2 $17 31. e5 fxe5 32. Rxa7 Rxh5) 31. e5 $1 $15 {[%cal Re5f6]} Ra3+ 32. Kf4 Ra4+ 33. Kf5 {[#]} (33. Kg3 $11) 33... Ra5 $1 $17 {[%cal Ra5e5]} 34. Ke6 $2 {[%mdl 8192]} (34. Kg4 $17 Rxe5 35. Rxa7) 34... Rxe5+ $19 {Black is clearly winning.} 35. Kf7 a5 {[%cal Ba7a5,Ba5a4][%mdl 32]} 36. Kf8 Rg5 37. h4 Rg4 38. Ra7 a4 {Precision: White = 31%, Black = 68%.} 0-1